000 00598nam a2200193 4500
005 20260116140158.0
008 260109b |||||||| |||| 00| 0 eng d
020 _a9780262701150
041 _aEnglish
082 _a745.4
_bTHA
100 _aThackara John
245 _aIn the Bubble : Designing in a Complex World
260 _aLondon
_bThe MIT Press
_c2005
300 _a321
365 _b2389.27
_cRs.00
520 _a1. Lightness 2. Speed 3. Mobility 4. Locality 5. Situation 6. Conviviality 7. Learning 8. Literacy 9. Smartness 10. Flow
650 _aDesign
942 _cBK
999 _c369796
_d369796